01697nam a22002891a 4500001001000000003000400010005001700014007000300031008004100034020001500075020001800090040002500108041000800133082002500141111008600166245015400252260003400406300003100440490002600471490001900497505060600516650008001122651008101202700002701283710005501310830004201365000000904OSt20250401130908.0ta090609s2000 dr c 001 0 spa d a9993435015 a9789993435013 aDO-SdBNPbspacBNPHU hspa a324.27293bC568p2222 aCiclo de Conversatorios con los Partidos Políticosn(1:d1999 :cSanto Domingo)13aLos partidos políticos frente al cambio :bprimer ciclo de conversatorios con partidos políticos /ccoordinación general José Ángel Aquino. aSanto Domingo :bPNUD,c2000. a133 p. :bretrs. ;c24 cm.1 aReforma políticav11 aConversatorios0 aPresentación -- Conversatorio con el Partido Reformista Social Cristiano -- Intervención de Johnny Jones -- Preguntas, comentarios y respuestas -- Conversatorio con el Partido Revolucionario Dominicano -- Ponencia de Tony Raful -- Conversatorio con el Partido de la Liberación Dominicana -- Franklin Almeyda -- Melanio Paredes -- Preguntas, comentarios y respuestas -- Conversatorio con los Partidos Trabajadores Dominicanos y Nueva Alternativa -- Intervención de Esteban Díaz Jáquez -- Intervención de Ramón Almánzar -- Preguntas, comentarios y respuestas -- Lista de participantes. 4aPartidos políticoszRepública DominicanavCONGRESOS, CONFERENCIAS, ETC. 4aRepública DominicanaxPolítica Y GobiernovCONGRESOS, CONFERENCIAS, ETC.1 aAquino, José Ángel2 aPrograma de las Naciones Unidas para el Desarrollo 0aReforma políticav1pConversatorios